[Event "Reunion op 18th"]
[Site "St Denis"]
[Date "2016.10.11"]
[Round "2"]
[White "Carballar, Alexandre"]
[Black "Laoussing, Stephane"]
[Result "1-0"]
[WhiteElo "1170"]
[BlackElo "1399"]
[PlyCount "55"]
[EventDate "2016.10.10"]
[EventType "swiss"]
[EventRounds "7"]
[EventCountry "RUF"]
[SourceTitle "CBM 175 Extra"]
[Source "ChessBase"]
[SourceDate "2016.12.12"]
[SourceVersion "1"]
[SourceVersionDate "2016.12.12"]
[SourceQuality "1"]

1. e3 e5 2. d4 e4 3. c4 d5 4. cxd5 Qxd5 5. Nc3 Qd8 6. Nxe4 Nf6 7. Ng3 Nc6 8. Nf3 Bg4 9. Be2 Bd6 10. 0-0 Bxg3 11. fxg3 0-0 12. Bd2 Ne4 13. Bd3 Nxd2 14. Qxd2 Re8 15. Bb5 Qd5 16. Qc3 Qxb5 17. a4 Qd5 18. b4 a6 19. Rfe1 Qd6 20. b5 axb5 21. axb5 Ra3 22. Qc1 Na7 23. Ne5 Be6 24. Nc4 Bxc4 25. Qxc4 Raxe3 26. Qxf7+ Kh8 27. Rxe3 Rf8 28. Qxf8+ 1-0

[Event "Reunion op 18th"]
[Site "St Denis"]
[Date "2016.10.11"]
[Round "3"]
[White "Laoussing, Stephane"]
[Black "Payet, Bruno"]
[Result "0-1"]
[WhiteElo "1399"]
[BlackElo "1111"]
[PlyCount "100"]
[EventDate "2016.10.10"]
[EventType "swiss"]
[EventRounds "7"]
[EventCountry "RUF"]
[SourceTitle "CBM 175 Extra"]
[Source "ChessBase"]
[SourceDate "2016.12.12"]
[SourceVersion "1"]
[SourceVersionDate "2016.12.12"]
[SourceQuality "1"]

1. e4 d5 2. exd5 Qxd5 3. Nc3 Qd8 4. Nf3 Nc6 5. Bc4 h6 6. d3 Nf6 7. 0-0 Bg4 8. h3 Bf5 9. Be3 e6 10. Nd4 Nxd4 11. Bxd4 Qxd4 12. Nb5 Qb6 13. Qf3 g5 14. Rae1 0-0-0 15. a4 a6 16. Na3 g4 17. hxg4 Nxg4 18. Bb3 Qd6 19. g3 h5 20. Nc4 Qc5 21. Ne3 Bd6 22. d4 Qxd4 23. Nxf5 exf5 24. Qxf5+ Kb8 25. Bxf7 h4 26. Re4 Nh6 27. Rxd4 Nxf5 28. Rg4 Rdf8 29. Be6 Rf6 30. Bxf5 Rxf5 31. Rxh4 Rg8 32. Kg2 Be7 33. Re4 Bd6 34. b3 Rh8 35. c4 Rh7 36. Rh4 Rxh4 37. gxh4 Rf4 38. Rh1 Rg4+ 39. Kf3 Rd4 40. Ke3 Rg4 41. f3 Rg2 42. Rb1 Rg8 43. f4 Rf8 44. Rf1 Ka7 45. Ke4 Kb6 46. f5 Ka5 47. Rf3 Kb4 48. Rd3 Re8+ 49. Kd5 Re5+ 50. Kd4 c5# 0-1